Proizvodstvo i ispoľzovanije aromatičeskich uglevodorodov /

Na minha lista:
Detalhes bibliográficos
Main Authors: Sokolov, Vladimir Zacharovič (Author), Charlampovič, Georgij Dmitrijevič (Author)
Formato: Livro
Publicado em: Moskva : Chimija, 1980
Tags: Adicionar Tag
Sem tags, seja o primeiro a adicionar uma tag!

MARC

LEADER 00000nam a22000003a 4500
001 stu14352
005 20150617225759.9
008 ------s1980----xxr---------------------d
040 |a STU  |b slo 
041 0
044 |a xxr 
080 |a 661.715.7  |7 stu_us_auth*stu5794 
100 1 |a Sokolov, Vladimir Zacharovič  |4 aut 
245 1 |a Proizvodstvo i ispoľzovanije aromatičeskich uglevodorodov /  |c [aut.]Sokolov,Vladimir Zacharovič, Charlampovič,Georgij Dmitrijevič 
260 |a Moskva :  |b Chimija,  |c 1980 
300 |a 333 s :  |b Tab.,grafy,lit.,index 
700 1 |a Charlampovič, Georgij Dmitrijevič  |4 aut 
996 |b C83264  |c C*83264  |l CCVIIIB  |s P  |a 0  |w stu14352_0001